000 00535nam a22001577a 4500
003 macl
005 20240702150934.0
008 151101b xxu||||| |||| 00| 0 eng d
040 _cmacl
082 _a001
100 _aमरोहर पाण्‍डे
_917278
245 _aवस्‍तुनिष्‍ठ सामान्‍य ज्ञान
260 _aमेरठ
_bअरिहन्‍त पब्लिकेशन्‍स
_c2015
650 _aसामान्य ज्ञान
_9328
942 _2ddc
_cHIN
999 _c50504
_d50504